Statistiques concernant Villes les plus peuplées du monde commençant par I

Cliquez ici pour prendre le quiz!

Statistiques générales

  • Ce quiz a été pris 130 fois
  • Le résultat moyen est 4 sur 10

Statistiques - réponses

PaysVilles% Correct
TurquieIstanbul
96%
PakistanIslamabad
93%
États-UnisIndianapolis
71%
TurquieIzmir
57%
RussieIekaterinbourg
39%
IranIspahan
35%
NigériaIbadan
24%
IndeIndore
6%
TurquieIzmit
6%
JordanieIrbid
3%

Distribution des résultats

Percentile par nombre de réponses

% des personnes avec chaque résultat

Votre développement - résultats

Vous n’avez pas pris ce quiz